00282nam a2200109Ia 4500008004100000082001800041100002000059245003000079260003900109300000800148650001600156191201s2004 xx 000 0 und d a621.3822bCAD aCAVCCHI, Thomas 0aDigital Signal Processing aN.DelhibJohn wiley and Sonsc2004 a793 aB.Tech(ECE)